L'ampia struttura: dal verdugale alla crinolina, analisi e significato di un simbolo nell'immaginario d'età moderna : tesi di laurea in Teoria e storia della scenografia /

Enregistré dans:
Détails bibliographiques
Auteur principal: Urizzi, Marco (Auteur)
Autres auteurs: Bignami, Paola, (1947- ), Picchi, Arnaldo
Format: Livre
Langue:italien
Publié: A.a. 2003-2004
Tags: Ajouter un tag
Pas de tags, Soyez le premier à ajouter un tag!

MARC

LEADER 00000nam a22000007i 4500
001 IT\ICCU\UBO\3324707
003 ItRI
005 20260124192843.0
008 071120m20032004it |||||| ||||| |||||c
040 |b ita  |c importazione bologna sebina 
041 7 |a ita  |2 ISO-639-2 
100 1 |a Urizzi, Marco  |0 IT\ICCU\UBOV\210586  |4 aut 
245 1 2 |a L'ampia struttura: dal verdugale alla crinolina, analisi e significato di un simbolo nell'immaginario d'età moderna :  |b tesi di laurea in Teoria e storia della scenografia /  |c candidato: Marco Urizzi ; relatore: Paola Bignami ; correlatore: Arnaldo Picchi. 
260 |c A.a. 2003-2004 
300 |a 259 p. ;  |c 30 cm 
500 |a In testa al front.: Università degli Studi di Bologna, Facoltà di Lettere e Filosofia, Corso di laurea in D.A.M.S. Teatro 
500 |a In calce al front.: sessione 3., anno accademico 2003-2004. 
700 1 |a Bignami, Paola,  |d  (1947- )  |0 IT\ICCU\CFIV\101609 
700 1 |a Picchi, Arnaldo  |0 IT\ICCU\CFIV\111949 
942 |2 ddc  |c TS  |n 0 
952 |0 0  |1 0  |2 ddc  |4 0  |6 TESI_687_160000000000000_URI  |7 0  |9 24816  |a BO  |b BO  |d 2026-01-15  |i 11485  |l 0  |o TESI 687.16 URI  |p BO11485  |r 2026-01-15 23:23:00  |w 2026-01-15  |x [Sebina 7] [1 v.]  |y TS  |z 1 v. 
999 |c 21092  |d 21092